000 00414ntaaa2200169 4500
003 01
005 20251027201555.0
008 0714s1973 ag 01
040 _aAR-BaBN
_bspa
_cAR-BaBN
_eaacr
_dRIC
082 _a230.0000 E14
100 _aElichabe, Ramón Riba
_98887
245 _aRealidad del Cristianismo
250 _a1 ed. :
_bEditorial Ruiz,
_cc1937
300 _a77 p.
650 _aTeología
942 _cBK
999 _c10317
_d10317